书目信息 |
| 题名: |
如何练就识人的本事
|
|
| 作者: | 中石 主编 | |
| 分册: | ||
| 出版信息: | 北京 当代世界出版社 2005.01 |
|
| 页数: | 352页 | |
| 开本: | 21cm | |
| 丛书名: | 人生智慧宝典 | |
| 单 册: | ||
| 中图分类: | C912.1-49 | |
| 科图分类: | ||
| 主题词: | 人间交往--通俗读物 | |
| 电子资源: | ||
| ISBN: | 7-80115-874-1 | |
| 000 | 00763nam 2200241 450 | |
| 001 | 010563646890 | |
| 005 | 20050623175457.08 | |
| 010 | @a7-80115-874-1@dCNY24.80 | |
| 100 | @a20050321d2005 km y0chiy0120 ea | |
| 101 | 0 | @achi |
| 102 | @aCN@b110000 | |
| 105 | @ay z 000yy | |
| 200 | 1 | @a如何练就识人的本事@Aru he lian jiu shi ren de ben shi@f中石主编@Fzhong shi zhu bian |
| 210 | @a北京@c当代世界出版社@d2005.01 | |
| 215 | @a352页@d21cm | |
| 225 | 2 | @a人生智慧宝典 |
| 330 | @a揣摩别人的心思、理解对方的人,既可以自我保护,也可以更好的处理和利用彼此的关系。 | |
| 410 | 0 | @12001 @a人生智慧宝典 |
| 606 | 0 | @a人间交往@x通俗读物 |
| 690 | @aC912.1-49@v4 | |
| 701 | 0 | @a中石@Azhong shi@4主编 |
| 801 | 0 | @aCN@bRULIN@c20050623 |
| 905 | @a10447@dC912.1-49@eZ6891 | |
| 如何练就识人的本事/中石主编.-北京:当代世界出版社,2005.01 |
| 352页;21cm.-(人生智慧宝典) |
| ISBN 7-80115-874-1:CNY24.80 |
| 揣摩别人的心思、理解对方的人,既可以自我保护,也可以更好的处理和利用彼此的关系。 |
| ● |
| 相关链接 |
|
|
|
正题名:如何练就识人的本事
索取号:C912.1-49/Z6891
 
预约/预借
| 序号 | 登录号 | 条形码 | 馆藏地/架位号 | 状态 | 备注 |
| 1 | 521030 | 205210305 | 社科库509/509社科库 58排5列1层/ [索取号:C912.1-49/Z6891] | 在馆 | |
| 2 | 521031 | 205210314 | 社科库509/509社科库 58排5列1层/ [索取号:C912.1-49/Z6891] | 在馆 | |
| 3 | 521032 | 205210323 | 社科库509/ [索取号:C912.1-49/Z6891] | 在馆 |